000 01258cam a22003377a 4500
003 CHAP
005 20220329141413.0
008 971013s1988 r 00010 d
010 _a67613
011 _a68585
035 _a78058
040 _cCHAP
090 _aTesis
100 0 0 _aReséndiz García, Benito.
_996135
245 0 _aEvaluación del poder de agregación, dispersión y sinergismo del stirrup - MR (Alquenol - multimetil) solo y mezclado con acaricidas en Tetranychus urticae Koch (Acari : Tetranychidae)
260 _aChapingo, Méx. :
_bEl autor,
_c1988
300 _a59 h.
502 _aTesis (Maestro en ciencias esp. en Entomología y Acarología) -- CP. Centro de Entomología y Acarología
590 _aALEPH
_b10
_c20130110
_lUCH01
_h1402
590 _aBATCH-UPD
_b10
_c20130110
_lUCH01
_h0247
590 _aBATCH-UPD
_b10
_c20130110
_lUCH01
_h1314
590 _aBATCH-UPD
_b10
_c20130409
_lUCH01
_h2317
590 _aBATCH-UPD
_b10
_c20130913
_lUCH01
_h1848
590 _aCONVERSION
_b10
_c20130109
_lUCH01
_h1337
650 1 4 _aAcaricidas.
_9404
650 1 4 _aTetranychus urticae.
_9112502
901 _aBK
942 _cFOLL
949 _bBC
_cTES
_d-30932
_eTS1
_h20337
_i78058
_si
949 _bBC
_cTES
_d-95040
_eTS2
_fc.2
_h20338
_i78058
_si
999 _c67613
_d67613